|
|
|
|
| LEADER |
01097nam a2200301 a 4500 |
| 001 |
3255 |
| 003 |
BD-DhAAL |
| 005 |
20150607091748.0 |
| 008 |
150606s1999 cauab b 001 0 eng |
| 010 |
|
|
|a 97014111
|
| 020 |
|
|
|a 0534535410 (alk. paper)
|
| 040 |
|
|
|a DLC
|c DLC
|d DLC
|d BD-DhAAL
|
| 050 |
0 |
0 |
|a GE105
|b .M544 1999
|
| 082 |
0 |
0 |
|a 363.7
|2 21
|
| 100 |
1 |
|
|a Miller, G. Tyler
|q (George Tyler),
|d 1931-
|9 11709
|
| 245 |
1 |
0 |
|a Environmental science :
|b working with the Earth /
|c G. Tyler Miller, Jr.
|
| 250 |
|
|
|a 7th ed.
|
| 260 |
|
|
|a Belmont, Calif. :
|b Wadsworth Publishing Company,
|c 1999.
|
| 300 |
|
|
|a xix, 566 p. :
|b ill. (some col.) maps (some col.) ;
|c 29 cm.
|
| 490 |
|
|
|a Wadsworth biology series
|
| 504 |
|
|
|a Includes bibliographical references and index.
|
| 541 |
|
|
|e 3255
|
| 650 |
|
0 |
|a Environmental sciences.
|9 11710
|
| 650 |
|
0 |
|a Human ecology.
|9 5681
|
| 650 |
|
0 |
|a Environmental protection.
|9 11711
|
| 942 |
|
|
|2 ddc
|c BK
|
| 999 |
|
|
|c 34617
|d 34617
|
| 952 |
|
|
|0 0
|1 0
|2 ddc
|4 0
|6 363_700000000000000_MIL
|7 0
|9 54057
|a SCL
|b SCL
|c GEN
|d 2015-06-07
|l 0
|o 363.7 MIL
|p 3020003255
|r 2015-06-07
|t 1
|w 2015-06-07
|y BK
|